[Event "GER-ch U10"]
[Site "Willingen"]
[Date "2008.05.11"]
[Round "9"]
[White "Falk, Frederike"]
[Black "Altstadt, Karl Simon"]
[Result "1/2-1/2"]
[WhiteElo "918"]
[BlackElo "1177"]
[PlyCount "49"]
[EventDate "2008.05.11"]
[EventType "swiss"]
[EventRounds "11"]
[EventCountry "GER"]
[SourceTitle "CBM 124 Extra"]
[Source "ChessBase"]
[SourceDate "2008.07.03"]
[SourceVersion "1"]
[SourceVersionDate "2008.07.03"]
[SourceQuality "1"]

1. e4 c5 2. Nf3 Nc6 3. Nc3 g6 4. Bc4 Bg7 5. d3 Nf6 6. Be3 d6 7. Ng5 0-0 8. 0-0 e6 9. Qf3 Ne5 10. Qh3 Nxc4 11. dxc4 e5 12. Qg3 Ng4 13. Bd2 Bh6 14. Nf3 Bxd2 15. Nxd2 a6 16. Nf3 Nf6 17. Ng5 Ng4 18. Qh4 h6 19. Nf3 Qxh4 20. Nxh4 Be6 21. b3 Rab8 22. a4 Rfe8 23. Rfd1 Red8 24. Rd3 Rd7 25. h3 1/2-1/2

[Event "GER-ch U10"]
[Site "Willingen"]
[Date "2008.05.11"]
[Round "5"]
[White "Falk, Frederike"]
[Black "Baberz, Alexander"]
[Result "0-1"]
[WhiteElo "918"]
[BlackElo "984"]
[PlyCount "120"]
[EventDate "2008.05.11"]
[EventType "swiss"]
[EventRounds "11"]
[EventCountry "GER"]
[SourceTitle "CBM 124 Extra"]
[Source "ChessBase"]
[SourceDate "2008.07.03"]
[SourceVersion "1"]
[SourceVersionDate "2008.07.03"]
[SourceQuality "1"]

1. e4 c5 2. Nf3 d6 3. Bb5+ Bd7 4. Bxd7+ Qxd7 5. d3 Nf6 6. Bg5 Nc6 7. Nbd2 h6 8. Bxf6 exf6 9. Qe2 Ne5 10. Nxe5 fxe5 11. Qf3 Be7 12. Qg3 0-0 13. Qh3 Rad8 14. Qxd7 Rxd7 15. g3 Bg5 16. Ke2 Bxd2 17. Kxd2 d5 18. exd5 Rxd5 19. Ke3 Rfd8 20. c4 Rxd3+ 21. Ke2 Rd2+ 22. Kf3 R8d3+ 23. Kg2 Rxb2 24. Rhe1 f6 25. Red1 Rxd1 26. Rxd1 Rxa2 27. Rd5 b6 28. Rd8+ Kh7 29. Kf3 Rc2 30. Ra8 Rxc4 31. Rxa7 e4+ 32. Kf4 b5 33. Kf5 b4 34. Rb7 Rc2 35. Kxe4 Rxf2 36. h4 Kg6 37. Ke3 Rf5 38. g4 Re5+ 39. Kf4 Rd5 40. h5+ Kh7 41. Ke4 Rd4+ 42. Kf5 Rd3 43. Rc7 Rc3 44. Ke6 b3 45. Kf7 b2 46. Rb7 Rg3 47. Rxb2 Rxg4 48. Rc2 Rg5 49. Rh2 c4 50. Rc2 Rc5 51. Ke6 c3 52. Kd6 Rxh5 53. Rxc3 Re5 54. Rf3 h5 55. Kd7 f5 56. Kd6 Ra5 57. Ke6 Kh6 58. Kf7 Kh7 59. Rh3 f4 60. Rf3 Rf5+ 0-1

[Event "GER-ch U10"]
[Site "Willingen"]
[Date "2008.05.11"]
[Round "8"]
[White "Oelfke, Nils Lukas"]
[Black "Falk, Frederike"]
[Result "1/2-1/2"]
[WhiteElo "921"]
[BlackElo "918"]
[PlyCount "99"]
[EventDate "2008.05.11"]
[EventType "swiss"]
[EventRounds "11"]
[EventCountry "GER"]
[SourceTitle "CBM 124 Extra"]
[Source "ChessBase"]
[SourceDate "2008.07.03"]
[SourceVersion "1"]
[SourceVersionDate "2008.07.03"]
[SourceQuality "1"]

1. e4 c6 2. d4 d5 3. exd5 cxd5 4. c4 e6 5. Nc3 Nf6 6. Nf3 Nbd7 7. Bd3 Bb4 8. Qb3 Be7 9. 0-0 0-0 10. Bg5 Qc7 11. Rae1 h6 12. Bh4 b6 13. cxd5 Nb8 14. Bg3 Qd7 15. Ne5 Qd8 16. Bh4 Nbd7 17. Nc6 Qe8 18. Ne4 g5 19. Nxe7+ Qxe7 20. d6 Qe8 21. Bg3 Nxe4 22. Bxe4 Rb8 23. Bc6 Bb7 24. Bxb7 Rxb7 25. d5 Nc5 26. Qc4 Qd7 27. b4 Na4 28. Qb3 b5 29. dxe6 fxe6 30. Qxe6+ Qxe6 31. Rxe6 Rd8 32. Re7 Rxe7 33. dxe7 Re8 34. Bd6 Nc3 35. f4 gxf4 36. Rxf4 Ne2+ 37. Kf2 Nxf4 38. Bxf4 Rxe7 39. Bxh6 Rh7 40. Be3 Rxh2 41. Bxa7 Rh7 42. Bd4 Rf7+ 43. Ke3 Re7+ 44. Kd3 Rc7 45. g4 Rd7 46. Ke4 Kf7 47. Be3 Kf6 48. g5+ Kg6 49. Ke5 Rc7 50. Kd6 1/2-1/2

[Event "GER-ch U10"]
[Site "Willingen"]
[Date "2008.05.11"]
[Round "6"]
[White "Schramm, Anna Lena"]
[Black "Falk, Frederike"]
[Result "0-1"]
[WhiteElo "780"]
[BlackElo "918"]
[PlyCount "72"]
[EventDate "2008.05.11"]
[EventType "swiss"]
[EventRounds "11"]
[EventCountry "GER"]
[SourceTitle "CBM 124 Extra"]
[Source "ChessBase"]
[SourceDate "2008.07.03"]
[SourceVersion "1"]
[SourceVersionDate "2008.07.03"]
[SourceQuality "1"]

1. e4 c6 2. Nf3 d5 3. Nc3 Bg4 4. Be2 Nd7 5. Nd4 Bxe2 6. Ncxe2 dxe4 7. Ng3 Ngf6 8. d3 exd3 9. cxd3 e5 10. Qe2 Be7 11. Nf3 Qc7 12. d4 exd4 13. Nf5 Qa5+ 14. Bd2 Qxf5 15. 0-0 Qe6 16. Qd3 0-0 17. Qxd4 Qf5 18. Nh4 Qg4 19. Qxg4 Nxg4 20. Nf5 Rfe8 21. Bc3 g6 22. Ng7 Rf8 23. f3 Ne3 24. Rfe1 Nd5 25. Bd4 Bf6 26. Bxf6 N7xf6 27. Ne6 fxe6 28. Rxe6 Rae8 29. Rxe8 Rxe8 30. g4 Re3 31. g5 Nd7 32. Kf2 Kf7 33. h4 Ke6 34. Kg3 Kf5 35. Rd1 Ne5 36. Kg2 Rxf3 0-1

[Event "GER-ch U10"]
[Site "Willingen"]
[Date "2008.05.11"]
[Round "2"]
[White "Wenzke, Tim"]
[Black "Falk, Frederike"]
[Result "1-0"]
[WhiteElo "1129"]
[BlackElo "918"]
[PlyCount "55"]
[EventDate "2008.05.11"]
[EventType "swiss"]
[EventRounds "11"]
[EventCountry "GER"]
[SourceTitle "CBM 124 Extra"]
[Source "ChessBase"]
[SourceDate "2008.07.03"]
[SourceVersion "1"]
[SourceVersionDate "2008.07.03"]
[SourceQuality "1"]

1. d4 d5 2. c4 e6 3. Nc3 Nf6 4. Bg5 Nbd7 5. e3 c6 6. a3 Qa5 7. b4 Qc7 8. Nf3 Be7 9. Bf4 Qd8 10. Qc2 0-0 11. Bd3 Nh5 12. 0-0-0 Nxf4 13. exf4 Qc7 14. Ne5 Nxe5 15. fxe5 Bg5+ 16. Kb2 Qe7 17. Rdf1 Bh6 18. f4 Qh4 19. g3 Qe7 20. h4 Bd7 21. g4 g6 22. g5 Bg7 23. h5 gxh5 24. Rxh5 Be8 25. Bxh7+ Kh8 26. Bf5+ Kg8 27. Bxe6 Qxe6 28. Qh7# 1-0

[Event "GER-ch U10"]
[Site "Willingen"]
[Date "2007.05.30"]
[Round "8"]
[White "Falk, Frederike"]
[Black "Conrad, Vanessa"]
[Result "0-1"]
[WhiteElo "811"]
[BlackElo "867"]
[PlyCount "36"]
[EventDate "2007.05.26"]
[EventType "swiss"]
[EventRounds "11"]
[EventCountry "GER"]
[SourceTitle "CBM 118 Extra"]
[Source "ChessBase"]
[SourceDate "2007.07.04"]
[SourceVersion "1"]
[SourceVersionDate "2007.07.04"]
[SourceQuality "1"]

1. e4 b6 2. Nc3 Bb7 3. Bc4 e6 4. Nf3 Bb4 5. d3 Nf6 6. 0-0 Bxc3 7. bxc3 d5 8. exd5 Nxd5 9. Bxd5 Qxd5 10. c4 Qd8 11. Bb2 f6 12. Qd2 0-0 13. Nd4 Qe8 14. Ba3 Qg6 15. g3 Qg4 16. Ne2 Re8 17. Rae1 Qf3 18. Qf4 Qh1# 0-1

[Event "GER-ch U10"]
[Site "Willingen"]
[Date "2007.05.29"]
[Round "6"]
[White "Falk, Frederike"]
[Black "Cozma, Diana"]
[Result "0-1"]
[WhiteElo "811"]
[BlackElo "1010"]
[PlyCount "92"]
[EventDate "2007.05.26"]
[EventType "swiss"]
[EventRounds "11"]
[EventCountry "GER"]
[SourceTitle "CBM 118 Extra"]
[Source "ChessBase"]
[SourceDate "2007.07.04"]
[SourceVersion "1"]
[SourceVersionDate "2007.07.04"]
[SourceQuality "1"]

1. e4 e5 2. Nf3 Nc6 3. Bc4 Bc5 4. 0-0 Nf6 5. Nc3 0-0 6. d3 h6 7. Be3 Bb6 8. Bxb6 axb6 9. Qd2 d6 10. h3 Nd4 11. Nxd4 exd4 12. Ne2 Nh5 13. Nxd4 c5 14. Ne2 Qg5 15. Qxg5 hxg5 16. Ng3 Nf4 17. a3 Kh7 18. Rae1 f6 19. Ne2 Rh8 20. Nxf4 gxf4 21. f3 Kg6 22. Re2 Rh5 23. Bb5 Rg5 24. Be8+ Kh7 25. Bf7 Bxh3 26. c3 Rf8 27. Bd5 Re8 28. Bxb7 Ree5 29. Kf2 Rxg2+ 30. Ke1 Reg5 31. Rxg2 Rxg2 32. b4 Ra2 33. Rh1 Ra1+ 34. Kf2 Rxh1 35. b5 g5 36. a4 g4 37. c4 Rf1+ 38. Ke2 gxf3+ 39. Kd2 Rf2+ 40. Kc3 Rf1 41. Kb3 Rd1 42. Kc3 f2 43. Kc2 f1Q 44. Kc3 Qxd3+ 45. Kb2 Rd2+ 46. Kc1 Qc2# 0-1

[Event "GER-ch U10"]
[Site "Willingen"]
[Date "2007.05.26"]
[Round "1"]
[White "Falk, Frederike"]
[Black "Wolff, Christopher"]
[Result "0-1"]
[WhiteElo "811"]
[BlackElo "1238"]
[PlyCount "98"]
[EventDate "2007.05.26"]
[EventType "swiss"]
[EventRounds "11"]
[EventCountry "GER"]
[SourceTitle "CBM 118 Extra"]
[Source "ChessBase"]
[SourceDate "2007.07.04"]
[SourceVersion "1"]
[SourceVersionDate "2007.07.04"]
[SourceQuality "1"]

1. e4 c5 2. Nf3 Nc6 3. Bc4 g6 4. 0-0 Bg7 5. Nc3 Nf6 6. d3 0-0 7. Bg5 d6 8. Bxf6 Bxf6 9. Qd2 Bg7 10. a3 a6 11. Rab1 Be6 12. b3 b5 13. Bxe6 fxe6 14. Nd1 Nd4 15. Nxd4 cxd4 16. Qg5 e5 17. a4 e6 18. Qxd8 Rfxd8 19. axb5 axb5 20. Nb2 Rdc8 21. c4 dxc3 22. Nd1 c2 23. Rc1 cxd1Q 24. Rcxd1 Ra2 25. Rde1 Rcc2 26. Re3 Rab2 27. b4 Rxb4 28. Rfe1 Rcb2 29. h3 Rb1 30. Rxb1 Rxb1+ 31. Kh2 b4 32. Re2 b3 33. f3 b2 34. Kg3 Bh6 35. Kf2 Bc1 36. Rc2 Ra1 37. Rxc1 bxc1Q 38. Kg3 Qe1+ 39. Kg4 h5+ 40. Kg5 Qg3+ 41. Kf6 Ra7 42. Kxe6 Qg5 43. Kxd6 Qe7+ 44. Kd5 Rd7+ 45. Kc4 Rd4+ 46. Kc3 Qa3+ 47. Kd2 Qxd3+ 48. Ke1 Qc2 49. Kf1 Rd1# 0-1